00769nam a2200217Ia 4500003000400000005001700004008004100021020001800062040000700080041000800087082002200095100006200117245007300179260003800252300001500290650002900305906007800334942001200412999001900424952010800443OSt20230401114004.0210423s1992 xx 000 0 und d a0-471-84041-6 cAL aeng a547.13 223bSHAT aSHAIK (Sason S);SCHLEGEL (Bernhard H);WOLFE (Saul)981637 aTheoretical aspects of physical organic chemistry: the Sn2 mechanism aNew YorkbJohn Wiley & Sonsc1992 axv,285bHB aOrganic Chemistry981638 aaspects ; chemistry: ; mechanism ; organic ; physical ; Sn2 ; Theoretical 2ddccBK c169016d169016 001040708GCaSACPGbSACPGd2018-02-28l0o547.13 SHATpPG015518r2022-08-24 00:00:00w2021-04-26yBK